| 000 | 007670000a22002290004500 | ||
|---|---|---|---|
| 003 | LK-CoMWRAF | ||
| 005 | 20231027122024.0 | ||
| 008 | 230817t2002 ||||| |||| 00| 0 eng d | ||
| 020 | _a955809515X | ||
| 040 |
_aLK-CoMWRAF _dLK-CoMWRAF _eLK-CoMWRAF |
||
| 041 | _aeng | ||
| 082 |
_a306 _bGAM |
||
| 100 | _aGamburd, Michele Ruth | ||
| 245 |
_aTransnationalism and Sri Lanka's Migrant Housemaids: _bThe Kitchen Spoon's Handle |
||
| 260 |
_aColombo: _bVijitha Yapa, _c2002 |
||
| 300 |
_axi, 275 p. : ill., maps ; 22 cm. _bBibliography and index included |
||
| 650 | _aFOREIGN WORKERS,SRI LANKAN-Persian Gulf Region. | ||
| 650 | _aWomen foreign workers-Middle East | ||
| 650 | _aEmployment in foreign countries-Sri Lanka. | ||
| 650 | _aTransnationalism | ||
| 942 | _cBK | ||
| 999 |
_c562 _d562 |
||